000 00672nam a2200217 i 4500
001 99257
003 ES-MaACL
005 20250804072413.0
007 t|
008 050906s1968 sp ||||1| spa d
080 _a821.134.2-32"19"
100 1 _aMartín Gaite, Carmen,
_d1925-2000
_977496
245 1 3 _aEl balneario /
_cCarmen Martín Gaite.
260 _aMadrid :
_bAlianza,
_c1968.
300 _a209 p. ;
_c18 cm.
490 1 _aEl libro de bolsillo. Literatura ;
_v140
500 _aSe incluyen también siete relatos.
830 0 3 _aEl libro de bolsillo.
_pLiteratura
_v140
_9180913
852 _aES-MaACL
_jC-56815
_bR.67828
999 _c99257
_d99257